00464nam a2200169Ia 4500001001000000003000500010008004100015010001100056040000900067082001800076100002100094245010000115260002500215300001100240650002200251700002100273Para_9609CHAP220125s2002 xx 000 0 und d a208282 cCHAP aPA 632.03 G81 aGreenwood, Pippa aEnciclopedia de las plagas y enfermedades de las plantas /c Pippa Greenwood y Andrew Halstead aEspaña :b Blume a223 p. aControl de plagas aHalstead, Andrew